Statistiken für Phasmophobia Geister

Klicken Sie hier um das Quiz zu spielen!

Allgemein

  • Dieses Quiz wurde 127 mal gespielt
  • Das Durchschnittsergebnis liegt bei 15 aus 24

Antwortstatistiken

Antwort% Korrekt
Dämon
82%
Revenant
82%
Gespenst
79%
Die Zwillinge
75%
Poltergeist
75%
Hantu
72%
Dschinn
70%
Banshee
68%
Spirit
68%
Mimik
67%
Oni
65%
Onryo
60%
Phantom
60%
Shade
60%
Obake
58%
Raiju
56%
Yokai
56%
Deogen
54%
Moroi
53%
Thaye
53%
Myling
51%
Yurei
51%
Goryo
47%
Mare
47%

Verteilung der Resultate

Perzentil nach korrekt beantworteten Fragen

Anzahl Personen mit jedem Resultat

Ihre Resultats-Entwicklung

Sie haben dieses Quiz noch nicht gespielt